| 000 | 00416nam a22001337a 4500 | ||
|---|---|---|---|
| 082 |
_a625.7 _bMAR _cL-15, P-12 |
||
| 100 |
_aHis Majesty's Stationary office, _944226 |
||
| 245 | _aThe shape of road aggregate and its measurements/ | ||
| 260 |
_aLondon: _bHis Majesty's Stationary office, _cc1936 |
||
| 300 |
_a12p,; _bill,: _c19cm |
||
| 526 |
_a0 _b0 _c0 _d625_700000000000000_MAR |
||
| 650 |
_aMCE _9379 |
||
| 942 |
_2ddc _cBK |
||
| 999 |
_c548054 _d548054 |
||